ARRUPE JESUIT UNIVERSITY

CORONAVIRUS -STOP THE SPREAD - CLEAN,DISINFECT,COVER

The Philosophy of Jean-Paul Sartre (Record no. 4029)

MARC details
000 -LEADER
fixed length control field 00578nam a2200229Ia 4500
003 - CONTROL NUMBER IDENTIFIER
control field 0100
008 - FIXED-LENGTH DATA ELEMENTS--GENERAL INFORMATION
fixed length control field 130227s9999 xx 000 0 und d
020 ## - INTERNATIONAL STANDARD BOOK NUMBER
International Standard Book Number 0812691504
040 ## - CATALOGING SOURCE
Transcribing agency ARRUPELIB
050 ## - LIBRARY OF CONGRESS CALL NUMBER
Classification number B2430.S34P47
245 #4 - TITLE STATEMENT
Title The Philosophy of Jean-Paul Sartre
260 ## - PUBLICATION, DISTRIBUTION, ETC. (IMPRINT)
Place of publication, distribution, etc La Salle
260 ## - PUBLICATION, DISTRIBUTION, ETC. (IMPRINT)
Name of publisher, distributor, etc Open Court
260 ## - PUBLICATION, DISTRIBUTION, ETC. (IMPRINT)
-- 1981
300 ## - PHYSICAL DESCRIPTION
Extent xii
300 ## - PHYSICAL DESCRIPTION
Other physical details 751p 23cm
440 ## - SERIES STATEMENT/ADDED ENTRY--TITLE
Title Library of living philosophers n.16
650 ## - SUBJECT ADDED ENTRY--TOPICAL TERM
Topical term following geographic name as entry element Fiji--Politics and government
650 ## - SUBJECT ADDED ENTRY--TOPICAL TERM
Location of event Community leadership
700 ## - ADDED ENTRY--PERSONAL NAME
Personal name Schilpp, Paul Arthur (ed)
942 ## - ADDED ENTRY ELEMENTS (KOHA)
Source of classification or shelving scheme Library of Congress Classification
Koha issues (borrowed), all copies 2
Holdings
Withdrawn status Lost status Source of classification or shelving scheme Damaged status Not for loan Collection code Home library Current library Shelving location Date acquired Total Checkouts Full call number Barcode Date last seen Date last borrowed Copy number Price effective from Koha item type
    Library of Congress Classification     Main Collection ARRUPE LIBRARY ARRUPE LIBRARY   27/02/2013 6 B2430.S34P47 46405178 21/05/2025 10/04/2024 1 27/02/2013 Monograph ( Printed materials)

 

Arrupe Library. PO Box MP320 Mt Pleasant, Harare, Zimbabwe
263 242 745411|librarian@aju.ac.zw